00715cam a22002057a 4500003000500000005001700005008004100022010001000063011001000073035001000083040000900093100003000102245014300132260004100275300002200316502007700338650003700415650003900452650001800491CHAP20220817043607.0000120d mx r 00110 spa d a79360 a80332 a90782 cCHAP00aCarrera García, Silvia.10aEfecto de la vermicomposta en la obtención de esquejes de nochebuena (Euphorbia pulcherrima W) cv. Subjibic/por Silvia Carrera García aChapingo, Méx. :bEl autor,c1999. a60 h. :bgráfs. aTesis (Ing. Agr. Esp. en Fitotecnia) -- UACH. Departamento de Fitotecnia14aFlor de nochebuenaxPlántulas.14aFlor de nochebuenaxPropagación.14aVermicompost.